[Event "ureki2015"]
[Site "?"]
[Date "2015.10.10"]
[Round "6.23"]
[White "Chigaev, Maksim"]
[Black "Keleptrishvili, Irakli"]
[Result "1-0"]
[LiveChessVersion "1.3.1"]
[BlackElo "2162"]
[WhiteElo "2521"]

1. e4 {[%clk 1:30:54]} c5 {[%clk 1:30:55]} 2. Nf3 {[%clk 1:31:16]} Nc6
{[%clk 1:31:22]} 3. Bb5 {[%clk 1:31:36]} d6 {[%clk 1:31:45]} 4. O-O
{[%clk 1:31:33]} Bd7 {[%clk 1:31:26]} 5. Re1 {[%clk 1:31:56]} Nf6
{[%clk 1:31:19]} 6. c3 {[%clk 1:32:15]} a6 {[%clk 1:31:12]} 7. Bf1
{[%clk 1:32:36]} Bg4 {[%clk 1:27:18]} 8. d4 {[%clk 1:32:14]} cxd4
{[%clk 1:19:18]} 9. cxd4 {[%clk 1:32:37]} Bxf3 {[%clk 1:19:46]} 10. gxf3
{[%clk 1:32:58]} d5 {[%clk 1:20:14]} 11. Nc3 {[%clk 1:30:32]} e6 {[%clk 1:18:43]}
12. Bg5 {[%clk 1:30:55]} Be7 {[%clk 1:17:47]} 13. Bxf6 {[%clk 1:30:42]} Bxf6
{[%clk 1:18:16]} 14. exd5 {[%clk 1:31:04]} Nxd4 {[%clk 1:18:08]} 15. Re4
{[%clk 1:31:30]} Nf5 {[%clk 1:15:12]} 16. dxe6 {[%clk 1:24:46]} O-O
{[%clk 1:15:22]} 17. exf7+ {[%clk 1:17:24]} Kh8 {[%clk 1:15:51]} 18. Qb3
{[%clk 1:16:53]} Nd4 {[%clk 1:03:27]} 19. Qxb7 {[%clk 1:16:45]} Nxf3+
{[%clk 1:00:44]} 20. Kg2 {[%clk 1:16:51]} Rb8 {[%clk 0:48:22]} 21. Qc6
{[%clk 1:16:25]} Bxc3 {[%clk 0:41:37]} 22. Qxc3 {[%clk 1:02:09]} Rxf7
{[%clk 0:35:29]} 23. Be2 {[%clk 1:00:06]} Qg5+ {[%clk 0:26:44]} 24. Kh1
{[%clk 1:00:16]} Nxh2 {[%clk 0:18:05]} 25. Qg3 {[%clk 0:57:24]} Qxg3
{[%clk 0:17:37]} 26. fxg3 {[%clk 0:57:34]} Nf3 {[%clk 0:18:02]} 27. Rf1
{[%clk 0:57:49]} Ng5 {[%clk 0:12:44]} 28. Rxf7 {[%clk 0:57:57]} Nxe4
{[%clk 0:12:53]} 29. Bxa6 {[%clk 0:57:57]} g6 {[%clk 0:11:56]} 30. Rb7
{[%clk 0:57:44]} Ra8 {[%clk 0:08:15]} 31. Rb6 {[%clk 0:58:03]} Nxg3+
{[%clk 0:08:17]} 32. Kh2 {[%clk 0:58:23]} Nf5 {[%clk 0:08:31]} 33. a3
{[%clk 0:58:09]} Kg7 {[%clk 0:07:41]} 34. a4 {[%clk 0:57:16]} Kf8
{[%clk 0:05:31]} 35. b4 {[%clk 0:56:38]} Ke7 {[%clk 0:05:12]} 36. a5
{[%clk 0:56:56]} Nd6 {[%clk 0:05:09]} 37. Bb7 {[%clk 0:56:02]} Ra7
{[%clk 0:00:44]} 38. Bd5 {[%clk 0:52:47]} Kd7 {[%clk 0:00:46]} 39. Kg3
{[%clk 0:53:08]} Rc7 {[%clk 0:00:45]} 40. Kf4 {[%clk 1:22:12]} Rc1
{[%clk 0:30:55]} 41. a6 {[%clk 1:18:48]} Ra1 {[%clk 0:25:08]} 42. b5
{[%clk 1:14:09]} Ra5 {[%clk 0:08:55]} 43. a7 {[%clk 1:11:30]} Rxa7
{[%clk 0:07:57]} 44. Ke5 {[%clk 1:11:54]} Nf5 {[%clk 0:02:12]} 45. Rf6
{[%clk 1:10:50]} Ra5 {[%clk 0:00:38]} 46. Rf7+ {[%clk 1:10:25]} Ke8
{[%clk 0:00:34]} 47. Rb7 {[%clk 1:10:49]} Kd8 {[%clk 0:00:45]} 48. Bc6
{[%clk 1:11:07]} Ra1 {[%clk 0:00:36]} 49. Rd7+ {[%clk 1:11:05]} Kc8
{[%clk 0:00:57]} 50. b6 {[%clk 1:10:56]} Re1+ {[%clk 0:00:34]} 51. Kf6
{[%clk 1:11:22]} Nd6 {[%clk 0:00:31]} 52. Rxd6 {[%clk 1:11:40]} Rb1
{[%clk 0:00:57]} 53. Be4 {[%clk 1:11:36]} Rb4 {[%clk 0:01:21]} 54. Ke5
{[%clk 1:11:50]} g5 {[%clk 0:01:14]} 55. b7+ {[%clk 1:11:44]} Kc7
{[%clk 0:01:36]} 56. Rc6+ {[%clk 1:12:09]} 1-0

[Event "ureki2015"]
[Site "?"]
[Date "2015.10.11"]
[Round "7.1"]
[White "Mchedlishvili, Mikheil"]
[Black "Jobava, Baadur"]
[Result "1/2-1/2"]
[LiveChessVersion "1.3.1"]
[BlackElo "2683"]
[WhiteElo "2607"]

1. e4 {[%clk 1:30:56]} e5 {[%clk 1:30:55]} 2. Nf3 {[%clk 1:31:20]} Nc6
{[%clk 1:31:21]} 3. Bb5 {[%clk 1:31:42]} a6 {[%clk 1:31:47]} 4. Ba4
{[%clk 1:32:05]} Nf6 {[%clk 1:32:12]} 5. O-O {[%clk 1:32:25]} Be7
{[%clk 1:32:38]} 6. Re1 {[%clk 1:32:47]} b5 {[%clk 1:33:04]} 7. Bb3
{[%clk 1:33:09]} O-O {[%clk 1:33:29]} 8. c3 {[%clk 1:33:33]} d6 {[%clk 1:33:53]}
9. h3 {[%clk 1:33:56]} Re8 {[%clk 1:34:20]} 10. Ng5 {[%clk 1:34:17]} Rf8
{[%clk 1:34:47]} 11. Nf3 {[%clk 1:34:39]} Re8 {[%clk 1:35:14]} 12. Ng5
{[%clk 1:35:02]} Rf8 {[%clk 1:35:41]} 13. Nf3 {[%clk 1:35:26]} Re8
{[%clk 1:36:08]} 14. Ng5 {[%clk 1:35:49]} Rf8 {[%clk 1:36:35]} 15. Nf3 1/2-1/2

[Event "ureki2015"]
[Site "?"]
[Date "2015.10.11"]
[Round "7.2"]
[White "Pantsulaia, Levan"]
[Black "Gagunashvili, Merab"]
[Result "1/2-1/2"]
[LiveChessVersion "1.3.1"]
[BlackElo "2553"]
[WhiteElo "2572"]

1. c4 {[%clk 1:30:32]} c6 {[%clk 1:30:52]} 2. d4 {[%clk 1:30:50]} d5
{[%clk 1:31:18]} 3. Nc3 {[%clk 1:31:10]} Nf6 {[%clk 1:31:18]} 4. cxd5
{[%clk 1:31:29]} cxd5 {[%clk 1:31:44]} 5. Bf4 {[%clk 1:31:51]} Nc6
{[%clk 1:32:08]} 6. e3 {[%clk 1:31:55]} a6 {[%clk 1:32:32]} 7. Nf3
{[%clk 1:32:14]} Bg4 {[%clk 1:32:54]} 8. Be2 {[%clk 1:32:30]} e6 {[%clk 1:33:00]}
9. O-O {[%clk 1:32:52]} Bd6 {[%clk 1:33:16]} 10. Bxd6 {[%clk 1:33:10]} Qxd6
{[%clk 1:33:43]} 11. Rc1 {[%clk 1:33:29]} O-O {[%clk 1:34:04]} 12. Nd2
{[%clk 1:33:48]} Bxe2 {[%clk 1:34:29]} 13. Qxe2 {[%clk 1:34:12]} Rac8
{[%clk 1:34:47]} 14. Na4 {[%clk 1:34:22]} Nd7 {[%clk 1:35:12]} 15. a3
{[%clk 1:34:38]} Ne7 {[%clk 1:35:32]} 16. Qd3 {[%clk 1:34:53]} Rxc1
{[%clk 1:35:49]} 17. Rxc1 {[%clk 1:35:17]} Rc8 {[%clk 1:36:15]} 18. Rxc8+
{[%clk 1:35:40]} Nxc8 {[%clk 1:36:41]} 19. Qc2 {[%clk 1:36:02]} Ne7
{[%clk 1:37:06]} 20. h3 {[%clk 1:36:23]} Qc6 {[%clk 1:37:32]} 21. Qxc6
{[%clk 1:36:47]} Nxc6 {[%clk 1:38:00]} 22. Nb3 {[%clk 1:37:07]} b6
{[%clk 1:38:15]} 23. Kf1 {[%clk 1:37:31]} Kf8 {[%clk 1:38:43]} 24. Ke2
{[%clk 1:37:50]} Ke7 {[%clk 1:39:12]} 25. Kd3 {[%clk 1:38:12]} Kd6
{[%clk 1:39:41]} 26. Nc3 {[%clk 1:38:32]} Nf6 {[%clk 1:40:03]} 27. f4
{[%clk 1:38:50]} h5 {[%clk 1:40:25]} 28. Nd2 {[%clk 1:39:10]} Nd7
{[%clk 1:40:37]} 29. b4 {[%clk 1:39:35]} f6 {[%clk 1:40:40]} 30. g4
{[%clk 1:39:58]} hxg4 {[%clk 1:41:06]} 31. Ke4 Ke5+ 1/2-1/2

[Event "ureki2015"]
[Site "?"]
[Date "2015.10.11"]
[Round "7.3"]
[White "Sanikidze, Tornike"]
[Black "Azaladze, Shota"]
[Result "1/2-1/2"]
[LiveChessVersion "1.3.1"]
[BlackElo "2475"]
[WhiteElo "2527"]

1. d4 {[%clk 1:30:43]} Nf6 {[%clk 1:30:48]} 2. c4 {[%clk 1:31:07]} g6
{[%clk 1:31:06]} 3. Nc3 {[%clk 1:31:31]} Bg7 {[%clk 1:31:20]} 4. e4
{[%clk 1:31:55]} d6 {[%clk 1:31:45]} 5. f4 {[%clk 1:32:19]} O-O {[%clk 1:30:16]}
6. Nf3 {[%clk 1:32:32]} c5 {[%clk 1:24:37]} 7. d5 {[%clk 1:29:11]} e6
{[%clk 1:22:36]} 8. dxe6 {[%clk 1:26:02]} Bxe6 {[%clk 1:20:34]} 9. Bd3
{[%clk 1:26:25]} Bg4 {[%clk 1:17:28]} 10. h3 {[%clk 1:19:57]} Bxf3
{[%clk 1:17:49]} 11. Qxf3 {[%clk 1:20:22]} Nc6 {[%clk 1:18:14]} 12. O-O
{[%clk 1:20:44]} a6 {[%clk 1:18:09]} 13. Be3 {[%clk 1:17:22]} Re8
{[%clk 1:14:27]} 14. Rad1 {[%clk 1:08:43]} Nd4 {[%clk 1:02:14]} 15. Bxd4
{[%clk 1:06:12]} cxd4 {[%clk 0:59:51]} 16. Nd5 {[%clk 1:04:39]} Nxd5
{[%clk 0:59:54]} 17. cxd5 {[%clk 1:05:03]} Qe7 {[%clk 0:59:39]} 18. Kh1
{[%clk 1:03:29]} Rac8 {[%clk 0:59:54]} 19. Rc1 {[%clk 1:03:25]} Qd7
{[%clk 1:00:05]} 20. Rce1 {[%clk 1:01:34]} Rc7 {[%clk 0:59:52]} 21. a3
{[%clk 0:58:15]} Qd8 {[%clk 0:58:02]} 22. Re2 {[%clk 0:55:42]} Qc8
{[%clk 0:58:17]} 23. Kh2 {[%clk 0:54:20]} Rc5 {[%clk 0:54:26]} 24. Rff2
{[%clk 0:48:41]} Qd7 {[%clk 0:53:24]} 25. Bb1 {[%clk 0:46:10]} Rc1
{[%clk 0:53:35]} 26. Ba2 {[%clk 0:45:32]} Qb5 {[%clk 0:53:39]} 27. e5
{[%clk 0:40:13]} d3 {[%clk 0:51:23]} 28. Rd2 {[%clk 0:40:09]} dxe5
{[%clk 0:51:15]} 29. fxe5 {[%clk 0:40:30]} Bxe5+ {[%clk 0:51:19]} 30. g3
{[%clk 0:40:56]} Rf8 {[%clk 0:43:33]} 31. d6 {[%clk 0:29:13]} Rc2
{[%clk 0:38:38]} 32. Rxc2 {[%clk 0:29:36]} dxc2 {[%clk 0:39:01]} 33. Rxc2
{[%clk 0:30:04]} Bxd6 {[%clk 0:38:50]} 34. Bd5 {[%clk 0:30:30]} b6
{[%clk 0:32:14]} 35. Bc4 {[%clk 0:30:57]} 1/2-1/2

[Event "ureki2015"]
[Site "?"]
[Date "2015.10.11"]
[Round "7.4"]
[White "Gvetadze, Sofio"]
[Black "Tsatsalashvili, Keti"]
[Result "1-0"]
[LiveChessVersion "1.3.1"]
[BlackElo "2266"]
[WhiteElo "2314"]

1. Nf3 {[%clk 1:30:56]} d5 {[%clk 1:29:26]} 2. g3 {[%clk 1:31:17]} c5
{[%clk 1:29:04]} 3. Bg2 {[%clk 1:31:37]} Nc6 {[%clk 1:29:28]} 4. O-O
{[%clk 1:31:50]} g6 {[%clk 1:26:30]} 5. d3 {[%clk 1:32:04]} Bg7 {[%clk 1:26:54]}
6. Nbd2 {[%clk 1:32:20]} Nf6 {[%clk 1:26:43]} 7. e4 {[%clk 1:32:29]} O-O
{[%clk 1:24:35]} 8. Re1 {[%clk 1:32:35]} e5 {[%clk 1:16:41]} 9. exd5
{[%clk 1:29:14]} Nxd5 {[%clk 1:15:51]} 10. c3 {[%clk 1:28:52]} b6
{[%clk 1:13:12]} 11. Nc4 {[%clk 1:27:13]} Re8 {[%clk 1:12:55]} 12. Ng5
{[%clk 1:27:06]} Be6 {[%clk 1:06:47]} 13. Qf3 {[%clk 1:23:53]} Qd7
{[%clk 1:04:22]} 14. Nxe6 {[%clk 1:22:10]} fxe6 {[%clk 1:04:20]} 15. Nd2
{[%clk 1:22:15]} Rf8 {[%clk 1:03:15]} 16. Qe2 {[%clk 1:21:33]} Rad8
{[%clk 1:03:06]} 17. Ne4 {[%clk 1:21:22]} Nde7 {[%clk 1:00:57]} 18. Bf1
{[%clk 1:17:00]} h6 {[%clk 0:57:11]} 19. Bd2 {[%clk 1:11:28]} Rf5
{[%clk 0:54:10]} 20. Rad1 {[%clk 1:10:08]} Kh7 {[%clk 0:52:52]} 21. Bc1
{[%clk 1:09:00]} Rdf8 {[%clk 0:51:54]} 22. Bh3 {[%clk 1:00:28]} Rf3
{[%clk 0:49:49]} 23. Bg4 {[%clk 0:59:28]} R3f7 {[%clk 0:45:51]} 24. h4
{[%clk 0:55:10]} Nf5 {[%clk 0:45:31]} 25. Qf1 {[%clk 0:53:21]} Qd8
{[%clk 0:39:48]} 26. Qg2 {[%clk 0:49:36]} Nce7 {[%clk 0:37:13]} 27. h5
{[%clk 0:47:27]} g5 {[%clk 0:36:58]} 28. Bxg5 {[%clk 0:44:28]} hxg5
{[%clk 0:36:40]} 29. Nxg5+ {[%clk 0:44:54]} Kg8 {[%clk 0:34:51]} 30. Nxe6
{[%clk 0:44:08]} Qd6 {[%clk 0:33:58]} 31. Nxf8 {[%clk 0:43:16]} Rxf8
{[%clk 0:34:11]} 32. Qe4 {[%clk 0:39:18]} Qf6 {[%clk 0:32:27]} 33. Re2
{[%clk 0:37:52]} Kh8 {[%clk 0:30:46]} 34. Kg2 {[%clk 0:30:08]} Nh6
{[%clk 0:28:30]} 35. Bh3 {[%clk 0:24:08]} Nef5 {[%clk 0:26:03]} 36. Bxf5
{[%clk 0:17:40]} Nxf5 {[%clk 0:25:46]} 37. Rh1 {[%clk 0:17:44]} Nh6
{[%clk 0:24:06]} 38. f4 {[%clk 0:11:50]} exf4 {[%clk 0:19:55]} 39. Rf1
{[%clk 0:12:04]} Qg5 {[%clk 0:15:17]} 40. Rxf4 {[%clk 0:41:57]} Nf5
{[%clk 0:39:31]} 41. Rf3 {[%clk 0:38:31]} Rf6 {[%clk 0:25:01]} 42. Ref2
{[%clk 0:35:45]} Nd6 {[%clk 0:25:06]} 43. Qa8+ {[%clk 0:35:30]} Kh7
{[%clk 0:25:26]} 44. Rxf6 {[%clk 0:35:01]} Bxf6 {[%clk 0:25:23]} 45. Qxa7+
{[%clk 0:35:03]} Kh6 {[%clk 0:25:37]} 46. Qd7 {[%clk 0:27:47]} Be5
{[%clk 0:24:33]} 47. g4 {[%clk 0:25:29]} b5 {[%clk 0:23:30]} 48. Qe6+
{[%clk 0:19:43]} Kg7 {[%clk 0:21:11]} 49. Re2 {[%clk 0:17:28]} Nf7
{[%clk 0:19:42]} 50. h6+ {[%clk 0:17:04]} Qxh6 {[%clk 0:19:25]} 51. Rxe5
{[%clk 0:17:06]} Nxe5 {[%clk 0:19:27]} 52. Qxe5+ {[%clk 0:17:32]} Kg8
{[%clk 0:19:39]} 53. Qd5+ {[%clk 0:17:38]} Kg7 {[%clk 0:19:41]} 54. Qxc5
{[%clk 0:17:57]} Qd2+ {[%clk 0:19:54]} 55. Qf2 {[%clk 0:18:23]} Qxd3
{[%clk 0:20:19]} 56. Qd4+ {[%clk 0:18:50]} 1-0

[Event "ureki2015"]
[Site "?"]
[Date "2015.10.11"]
[Round "7.5"]
[White "Keleptrishvili, Irakli"]
[Black "Beradze, Irakli"]
[Result "0-1"]
[LiveChessVersion "1.3.1"]
[BlackElo "2416"]
[WhiteElo "2162"]

1. e4 {[%clk 1:30:56]} c5 {[%clk 1:30:42]} 2. Nf3 {[%clk 1:31:19]} Nf6
{[%clk 1:30:37]} 3. e5 {[%clk 1:19:39]} Nd5 {[%clk 1:27:09]} 4. Nc3
{[%clk 1:18:44]} Nc7 {[%clk 1:27:32]} 5. d4 {[%clk 1:18:51]} cxd4
{[%clk 1:27:57]} 6. Nxd4 {[%clk 1:19:18]} Nc6 {[%clk 1:27:51]} 7. Nxc6
{[%clk 1:19:32]} bxc6 {[%clk 1:28:14]} 8. Bd3 {[%clk 1:19:06]} g6
{[%clk 1:28:12]} 9. h4 {[%clk 1:18:51]} Bg7 {[%clk 1:27:20]} 10. Qe2
{[%clk 1:19:16]} h5 {[%clk 1:18:26]} 11. Bd2 {[%clk 1:10:36]} Ne6
{[%clk 1:16:42]} 12. Nd1 {[%clk 1:03:36]} Rb8 {[%clk 1:12:07]} 13. Bc3
{[%clk 1:03:10]} Qb6 {[%clk 1:08:02]} 14. Ne3 {[%clk 0:59:22]} Qc5
{[%clk 0:33:27]} 15. Nc4 {[%clk 0:50:49]} Ba6 {[%clk 0:33:12]} 16. O-O
{[%clk 0:46:44]} O-O {[%clk 0:20:31]} 17. Qe3 {[%clk 0:33:07]} Rfd8
{[%clk 0:06:48]} 18. Rfe1 {[%clk 0:15:48]} Qxe3 {[%clk 0:05:34]} 19. Nxe3
{[%clk 0:13:17]} Bxd3 {[%clk 0:04:57]} 20. cxd3 {[%clk 0:13:45]} Bh6
{[%clk 0:04:05]} 21. Nc4 {[%clk 0:13:46]} Bf8 {[%clk 0:01:49]} 22. b3
{[%clk 0:10:53]} Rdc8 {[%clk 0:01:45]} 23. g3 d5 {[%clk 0:01:45]} 24. exd6
{[%clk 0:10:54]} exd6 {[%clk 0:00:53]} 25. Bf6 {[%clk 0:10:40]} Rb7
{[%clk 0:00:50]} 26. Rac1 {[%clk 0:09:39]} Rd7 {[%clk 0:00:40]} 27. d4
{[%clk 0:09:56]} Bg7 {[%clk 0:01:08]} 28. Bxg7 {[%clk 0:10:17]} Kxg7
{[%clk 0:00:37]} 29. Red1 {[%clk 0:06:41]} d5 {[%clk 0:01:04]} 30. Ne5
{[%clk 0:07:00]} Rdc7 {[%clk 0:01:15]} 31. b4 Kf6 32. Nf3 {[%clk 0:03:33]} Rb8
{[%clk 0:00:35]} 33. a3 a5 34. bxa5 {[%clk 0:03:18]} Rb3 {[%clk 0:00:42]} 35. Ne5
{[%clk 0:02:59]} Nxd4 {[%clk 0:01:07]} 36. Nd7+ {[%clk 0:03:13]} Ke7
{[%clk 0:00:48]} 37. Rxd4 {[%clk 0:02:37]} Kxd7 {[%clk 0:01:14]} 38. Rf4
{[%clk 0:02:03]} f5 {[%clk 0:01:03]} 39. Ra4 {[%clk 0:01:59]} Ra7 40. Rb4
{[%clk 0:31:00]} Rxa3 {[%clk 0:30:47]} 41. Rb8 {[%clk 0:31:45]} R3xa5
{[%clk 0:30:06]} 42. Rg8 {[%clk 0:28:45]} Ra1 43. Rg7+ Ke8 {[%clk 0:25:52]} 44.
Rxa7 {[%clk 0:28:10]} Rxc1+ {[%clk 0:26:03]} 45. Kg2 {[%clk 0:28:39]} Re1
{[%clk 0:26:07]} 46. Rc7 {[%clk 0:28:28]} Re6 {[%clk 0:26:32]} 47. Kf3
{[%clk 0:28:43]} d4 {[%clk 0:26:54]} 48. Ra7 {[%clk 0:29:11]} d3 {[%clk 0:25:54]}
49. Ra3 {[%clk 0:28:57]} Rd6 {[%clk 0:26:21]} 50. Ra1 {[%clk 0:29:23]} Ke7 51.
Ke3 {[%clk 0:29:46]} d2 {[%clk 0:26:43]} 52. Rd1 {[%clk 0:29:59]} Ke6 53. Rxd2
Rxd2 {[%clk 0:27:31]} 54. Kxd2 {[%clk 0:30:26]} Kd5 {[%clk 0:27:55]} 55. Kd3
{[%clk 0:30:48]} c5 {[%clk 0:28:21]} 56. f3 {[%clk 0:31:16]} c4+ {[%clk 0:28:47]}
57. Kc3 {[%clk 0:31:43]} Kc5 0-1

[Event "ureki2015"]
[Site "?"]
[Date "2015.10.11"]
[Round "7.6"]
[White "Khomeriki, Nino"]
[Black "Unapkoshvili, Nani"]
[Result "1-0"]
[LiveChessVersion "1.3.1"]
[BlackElo "2042"]
[WhiteElo "2295"]

1. Nf3 {[%clk 1:31:10]} Nf6 {[%clk 1:30:31]} 2. g3 {[%clk 1:31:10]} d5
{[%clk 1:29:49]} 3. Bg2 {[%clk 1:31:33]} e6 {[%clk 1:30:04]} 4. O-O
{[%clk 1:31:41]} Be7 {[%clk 1:30:28]} 5. c4 {[%clk 1:32:07]} O-O {[%clk 1:30:43]}
6. b3 {[%clk 1:32:51]} c5 {[%clk 1:31:04]} 7. Bb2 {[%clk 1:32:51]} b6
{[%clk 1:31:04]} 8. e3 {[%clk 1:32:46]} Bb7 {[%clk 1:31:24]} 9. Nc3
{[%clk 1:32:51]} Nc6 {[%clk 1:30:06]} 10. cxd5 {[%clk 1:33:10]} Nxd5
{[%clk 1:29:22]} 11. Nxd5 {[%clk 1:33:34]} exd5 {[%clk 1:23:08]} 12. d4
{[%clk 1:33:50]} cxd4 {[%clk 1:11:54]} 13. Nxd4 {[%clk 1:34:13]} Nxd4
{[%clk 1:07:27]} 14. Bxd4 {[%clk 1:32:39]} Rc8 {[%clk 0:59:17]} 15. Qg4
{[%clk 1:29:18]} f6 {[%clk 0:44:44]} 16. Rfd1 {[%clk 1:27:28]} Kh8
{[%clk 0:43:57]} 17. Bf1 {[%clk 1:23:43]} Qe8 {[%clk 0:35:12]} 18. Bd3
{[%clk 1:22:56]} Qf7 {[%clk 0:32:23]} 19. Bf5 {[%clk 1:20:51]} Rc6
{[%clk 0:29:31]} 20. Rac1 {[%clk 1:20:39]} Bc5 {[%clk 0:27:34]} 21. Bb2
{[%clk 1:17:35]} g6 {[%clk 0:24:34]} 22. Bd3 {[%clk 1:16:35]} Bd6
{[%clk 0:17:37]} 23. Qh4 {[%clk 1:00:20]} Be5 {[%clk 0:16:14]} 24. Rxc6
{[%clk 1:00:19]} Bxc6 {[%clk 0:16:28]} 25. Ba3 {[%clk 1:00:44]} Re8
{[%clk 0:13:31]} 26. Rc1 {[%clk 1:00:24]} Bb7 {[%clk 0:09:39]} 27. f4
{[%clk 0:58:55]} Bb8 {[%clk 0:10:01]} 28. Bb2 {[%clk 0:57:01]} Rxe3
{[%clk 0:08:40]} 29. Bxf6+ {[%clk 0:54:57]} Kg8 30. Rd1 {[%clk 0:53:49]} Re6
{[%clk 0:08:04]} 31. Bd4 {[%clk 0:52:30]} Qe7 {[%clk 0:08:05]} 32. Qh6
{[%clk 0:49:37]} Bd6 {[%clk 0:04:18]} 33. Kf1 {[%clk 0:48:42]} Qf8
{[%clk 0:04:14]} 34. Qh3 {[%clk 0:40:02]} Qf7 {[%clk 0:04:07]} 35. Rd2 Bc5
{[%clk 0:04:27]} 36. Bb2 {[%clk 0:37:54]} Re3 {[%clk 0:03:55]} 37. Qh4
{[%clk 0:35:14]} Be7 {[%clk 0:03:40]} 38. Qg4 {[%clk 0:33:51]} Bb4
{[%clk 0:01:00]} 39. Rd1 Qf8 {[%clk 0:31:09]} 40. Bxg6 {[%clk 1:03:55]} Qe7 41.
Bh5+ {[%clk 1:03:22]} Kf8 {[%clk 0:31:38]} 42. Qf5+ {[%clk 1:03:47]} Kg8
{[%clk 0:28:47]} 43. Be5 Bc6 44. Qc8+ {[%clk 0:57:23]} Qf8 {[%clk 0:29:15]} 45.
Qg4+ {[%clk 0:57:48]} 1-0

[Event "ureki2015"]
[Site "?"]
[Date "2015.10.11"]
[Round "7.7"]
[White "Gelashvili, Tamaz"]
[Black "Bernadskiy, Vitaliy"]
[Result "1/2-1/2"]
[LiveChessVersion "1.3.1"]
[BlackElo "2544"]
[WhiteElo "2570"]

1. e4 {[%clk 1:30:57]} e5 {[%clk 1:30:56]} 2. Nf3 {[%clk 1:30:52]} Nf6
{[%clk 1:31:22]} 3. Nxe5 {[%clk 1:31:10]} d6 {[%clk 1:31:48]} 4. Nxf7
{[%clk 1:31:34]} Kxf7 {[%clk 1:32:03]} 5. d4 {[%clk 1:32:01]} g6 {[%clk 1:22:08]}
6. Nc3 {[%clk 1:31:51]} Bg7 {[%clk 1:12:24]} 7. Bc4+ {[%clk 1:25:20]} Be6
{[%clk 1:11:32]} 8. Bxe6+ {[%clk 1:24:58]} Kxe6 {[%clk 1:11:59]} 9. f4
{[%clk 1:24:46]} Kf7 {[%clk 1:08:46]} 10. e5 {[%clk 1:24:35]} Re8
{[%clk 1:08:08]} 11. O-O {[%clk 1:24:56]} Nc6 {[%clk 1:08:21]} 12. Be3
{[%clk 1:09:31]} Kg8 {[%clk 0:59:14]} 13. d5 {[%clk 1:05:31]} Nb4
{[%clk 0:55:19]} 14. a3 {[%clk 0:53:22]} Ng4 {[%clk 0:52:30]} 15. Bc1
{[%clk 0:52:38]} Nxc2 {[%clk 0:26:33]} 16. Qxc2 {[%clk 0:51:41]} dxe5
{[%clk 0:26:57]} 17. h3 {[%clk 0:49:57]} exf4 {[%clk 0:27:11]} 18. Bxf4
{[%clk 0:49:21]} Bd4+ {[%clk 0:23:00]} 19. Kh1 {[%clk 0:49:43]} Qh4
{[%clk 0:22:16]} 20. Ne4 {[%clk 0:45:02]} Ne3 {[%clk 0:22:34]} 21. Bxe3
{[%clk 0:43:46]} Qxe4 {[%clk 0:22:43]} 22. Qxe4 {[%clk 0:42:37]} Rxe4
{[%clk 0:23:10]} 23. Bxd4 {[%clk 0:42:29]} Rxd4 {[%clk 0:23:37]} 24. Rae1
{[%clk 0:37:33]} Rf8 {[%clk 0:23:26]} 25. Rxf8+ {[%clk 0:37:55]} Kxf8
{[%clk 0:23:52]} 26. Rc1 {[%clk 0:38:20]} Rxd5 {[%clk 0:24:08]} 27. Rxc7
{[%clk 0:38:45]} Rb5 {[%clk 0:24:29]} 28. b4 {[%clk 0:38:08]} h5 {[%clk 0:24:33]}
29. Kg1 {[%clk 0:36:52]} a5 {[%clk 0:24:58]} 30. bxa5 {[%clk 0:32:13]} 1/2-1/2

[Event "ureki2015"]
[Site "?"]
[Date "2015.10.11"]
[Round "7.8"]
[White "Sivuk, Vitaly"]
[Black "Paichadze, Luka"]
[Result "0-1"]
[LiveChessVersion "1.3.1"]
[BlackElo "2568"]
[WhiteElo "2490"]

1. e4 {[%clk 1:30:55]} c6 {[%clk 1:29:34]} 2. d4 {[%clk 1:31:13]} d5
{[%clk 1:30:01]} 3. Nd2 {[%clk 1:31:31]} dxe4 {[%clk 1:29:48]} 4. Nxe4
{[%clk 1:31:55]} Bf5 {[%clk 1:29:26]} 5. Ng3 {[%clk 1:32:04]} Bg6
{[%clk 1:29:48]} 6. h4 {[%clk 1:32:24]} h6 {[%clk 1:29:56]} 7. Nf3
{[%clk 1:32:44]} Nf6 {[%clk 1:29:59]} 8. Ne5 {[%clk 1:30:58]} Bh7
{[%clk 1:30:23]} 9. Bd3 {[%clk 1:30:35]} Bxd3 {[%clk 1:28:09]} 10. Qxd3
{[%clk 1:30:50]} e6 {[%clk 1:28:31]} 11. Bd2 {[%clk 1:29:07]} Nbd7
{[%clk 1:16:01]} 12. f4 {[%clk 1:27:34]} c5 {[%clk 1:11:22]} 13. O-O-O
{[%clk 1:21:15]} Rc8 {[%clk 0:58:10]} 14. Ne2 {[%clk 0:55:13]} Be7
{[%clk 0:42:11]} 15. h5 {[%clk 0:43:21]} O-O {[%clk 0:40:14]} 16. Kb1
{[%clk 0:24:31]} cxd4 {[%clk 0:35:42]} 17. Nxd4 {[%clk 0:24:14]} Nc5
{[%clk 0:36:04]} 18. Qe3 {[%clk 0:24:02]} Qb6 {[%clk 0:32:12]} 19. Nb3
{[%clk 0:20:37]} Nd5 {[%clk 0:30:09]} 20. Qf3 {[%clk 0:20:05]} Qc7
{[%clk 0:20:43]} 21. c4 {[%clk 0:17:17]} Nxb3 {[%clk 0:18:53]} 22. axb3
{[%clk 0:16:15]} Bb4 {[%clk 0:16:41]} 23. Bc1 {[%clk 0:14:29]} Rfd8
{[%clk 0:14:14]} 24. Nd3 {[%clk 0:09:58]} Rd6 {[%clk 0:13:08]} 25. f5
{[%clk 0:03:27]} Qa5 {[%clk 0:12:57]} 26. fxe6 {[%clk 0:02:47]} fxe6
{[%clk 0:13:20]} 27. Qg3 {[%clk 0:02:19]} Ra6 {[%clk 0:12:50]} 28. Rdf1
{[%clk 0:00:37]} Rxc4 {[%clk 0:10:03]} 29. bxc4 {[%clk 0:00:34]} Qa2+
{[%clk 0:10:15]} 30. Kc2 {[%clk 0:01:00]} Qxc4+ {[%clk 0:10:27]} 31. Kd1
{[%clk 0:00:40]} Rc6 {[%clk 0:09:38]} 32. Rf2 {[%clk 0:00:59]} Qb3+
{[%clk 0:09:57]} 33. Ke2 {[%clk 0:01:25]} Rc2+ {[%clk 0:07:54]} 34. Kf3
{[%clk 0:01:34]} Qxd3+ {[%clk 0:07:05]} 35. Kg4 {[%clk 0:01:59]} Qc4+
{[%clk 0:06:02]} 36. Kh3 {[%clk 0:01:43]} Rxc1 {[%clk 0:06:23]} 37. Rxc1
{[%clk 0:01:51]} Qxc1 {[%clk 0:06:50]} 38. Qb8+ {[%clk 0:00:32]} Kh7
{[%clk 0:07:15]} 39. Qe5 {[%clk 0:30:33]} Qh1+ {[%clk 0:06:21]} 40. Kg4
{[%clk 0:30:35]} Nf6+ {[%clk 0:36:03]} 41. Kf3 {[%clk 0:29:57]} Qd1+
{[%clk 0:35:54]} 42. Re2 {[%clk 0:29:04]} Qf1+ {[%clk 0:35:49]} 43. Kg3
{[%clk 0:29:15]} Bd6 {[%clk 0:36:11]} 0-1